000 00284nam a22001337a 4500
008 180905b xxu||||| |||| 00| 0 eng d
020 _a9780070116443
041 _aeng
080 _26 ED
_a541
100 _a12
101 _aKIM
245 _aChemistry
_cChang.R
942 _2udc
_cBK
999 _c47538
_d47538